All CS:GO Weapons - Statistics

General Stats
  • This quiz has been taken 108 times
  • The average score is 32 of 40
Answer Stats
Picture Answer % Correct
Glock-18
99%
USP-S
97%
Desert Eagle
92%
P2000
92%
P90
92%
AK-47
91%
AWP
91%
Knife
91%
Negev
91%
M4A1-S
90%
M4A4
90%
Molotov
90%
Smoke Grenade
90%
Tec-9
89%
FAMAS
87%
Galil AR
87%
Nova
87%
AUG
86%
Flashbang
86%
MAC-10
86%
P250
86%
PP-Bizon
86%
Five-seveN
82%
MAG-7
82%
UMP-45
82%
Zeus-27
82%
Mp7
81%
Mp9
81%
SCAR-20
78%
SSG08
76%
Decoy Grenade
75%
SG 553
71%
M249
65%
Sawed-Off
65%
Cz75-Auto
62%
High Explosive Grenade
58%
XM1014
57%
G3SG1
48%
Incendiary Grenade
43%
Dual Barettas
32%
No matching quizzes found
Score Distribution
Percent of People with Each Score
Percentile by Number Answered
Your Score History
You have not taken this quiz